The Validity of Cartel Agreements in Hungarian Cartel Law in the Period between the Two World Wars with a European Perspective

Elmentve itt :
Bibliográfiai részletek
Szerző: Varga Norbert
Dokumentumtípus: Cikk
Megjelent: 2025
Sorozat:JOURNAL ON EUROPEAN HISTORY OF LAW 16 No. 1
Tárgyszavak:
mtmt:36216833
Online Access:http://publicatio.bibl.u-szeged.hu/37141
LEADER 00707nab a2200193 i 4500
001 publ37141
005 20250630135150.0
008 250630s2025 hu o 000 eng d
022 |a 2042-6402 
024 7 |a 36216833  |2 mtmt 
040 |a SZTE Publicatio Repozitórium  |b hun 
041 |a eng 
100 1 |a Varga Norbert 
245 1 4 |a The Validity of Cartel Agreements in Hungarian Cartel Law in the Period between the Two World Wars with a European Perspective  |h [elektronikus dokumentum] /  |c  Varga Norbert 
260 |c 2025 
300 |a 162-171 
490 0 |a JOURNAL ON EUROPEAN HISTORY OF LAW  |v 16 No. 1 
650 4 |a Jogtudomány 
856 4 0 |u http://publicatio.bibl.u-szeged.hu/37141/1/Varga_2025.pdf  |z Dokumentum-elérés